<?xml version="1.0" encoding="UTF-8"?>
<record
    xmlns:xsi="http://www.w3.org/2001/XMLSchema-instance"
    xsi:schemaLocation="http://www.loc.gov/MARC21/slim http://www.loc.gov/standards/marcxml/schema/MARC21slim.xsd"
    xmlns="http://www.loc.gov/MARC21/slim">

  <leader>00396nam a22001217a 4500</leader>
  <controlfield tag="005">20240511112826.0</controlfield>
  <controlfield tag="008">240511b        |||||||| |||| 00| 0 eng d</controlfield>
  <datafield tag="082" ind1=" " ind2=" ">
    <subfield code="a">342.5402  VEN;1  R</subfield>
  </datafield>
  <datafield tag="100" ind1=" " ind2=" ">
    <subfield code="a">Venkataramanaiah, V. Hidayatullah, M.</subfield>
  </datafield>
  <datafield tag="245" ind1=" " ind2=" ">
    <subfield code="a">Essays on constitutional law : Alladi Krishnaswami Aiyer memorial volume</subfield>
  </datafield>
  <datafield tag="260" ind1=" " ind2=" ">
    <subfield code="a">New Delhi</subfield>
    <subfield code="b">Concept Publishing Company</subfield>
    <subfield code="c">1986</subfield>
  </datafield>
  <datafield tag="942" ind1=" " ind2=" ">
    <subfield code="c">LL</subfield>
  </datafield>
  <datafield tag="999" ind1=" " ind2=" ">
    <subfield code="c">297171</subfield>
    <subfield code="d">297171</subfield>
  </datafield>
  <datafield tag="952" ind1=" " ind2=" ">
    <subfield code="r">2026-06-04 14:35:50</subfield>
    <subfield code="l">1</subfield>
    <subfield code="o">342.5402  VEN;1  R</subfield>
    <subfield code="p">LL3565</subfield>
    <subfield code="q">2026-06-18</subfield>
    <subfield code="s">2026-06-04</subfield>
    <subfield code="t">1</subfield>
    <subfield code="v">262.50</subfield>
    <subfield code="w">2024-05-11</subfield>
    <subfield code="y">LL</subfield>
    <subfield code="1">0</subfield>
    <subfield code="2">ddc</subfield>
    <subfield code="4">0</subfield>
    <subfield code="7">0</subfield>
    <subfield code="8">LAW</subfield>
    <subfield code="0">0</subfield>
    <subfield code="K">98199</subfield>
    <subfield code="L">04/04/2024</subfield>
    <subfield code="a">LAW</subfield>
    <subfield code="b">LAW</subfield>
    <subfield code="c">LL</subfield>
    <subfield code="d">2024-05-10</subfield>
    <subfield code="e">Book paradise</subfield>
    <subfield code="g">350.00</subfield>
    <subfield code="E">Law</subfield>
    <subfield code="G">Rupees</subfield>
    <subfield code="F">1</subfield>
    <subfield code="V">25</subfield>
  </datafield>
  <datafield tag="952" ind1=" " ind2=" ">
    <subfield code="r">2024-05-11 00:00:00</subfield>
    <subfield code="l">0</subfield>
    <subfield code="o">342.5402  VEN;2  R1</subfield>
    <subfield code="p">LL3566</subfield>
    <subfield code="t">2</subfield>
    <subfield code="v">262.50</subfield>
    <subfield code="w">2024-05-11</subfield>
    <subfield code="y">LL</subfield>
    <subfield code="1">0</subfield>
    <subfield code="2">ddc</subfield>
    <subfield code="4">0</subfield>
    <subfield code="7">0</subfield>
    <subfield code="8">LAW</subfield>
    <subfield code="0">0</subfield>
    <subfield code="K">98199</subfield>
    <subfield code="L">04/04/2024</subfield>
    <subfield code="a">LAW</subfield>
    <subfield code="b">LAW</subfield>
    <subfield code="c">LL</subfield>
    <subfield code="d">2024-05-10</subfield>
    <subfield code="e">Book paradise</subfield>
    <subfield code="g">350.00</subfield>
    <subfield code="E">Law</subfield>
    <subfield code="G">Rupees</subfield>
    <subfield code="F">1</subfield>
    <subfield code="V">25</subfield>
  </datafield>
</record>
